Estadísticas para Ganadores de La Vuelta a España

Haz click aquí para intentar la prueba.

Estadísticas generales

  • Esta prueba ha sido intentada 34 veces
  • La puntuación promedio es 17 de 77

Estadísticas de respuestas

AñoGanador% Correcto
2008Alberto Contador
92%
2014Alberto Contador
92%
2012Alberto Contador
92%
2017Chris Froome
75%
2011Chris Froome
75%
1989Pedro Delgado
67%
1985Pedro Delgado
67%
2021Primož Roglič
63%
2020Primož Roglič
63%
2019Primož Roglič
63%
2016Nairo Quintana
54%
2022Remco Evenepoel
54%
2009Alejandro Valverde
50%
1970Luis Ocaña
46%
2010Vincenzo Nibali
46%
1978Bernard Hinault
33%
1983Bernard Hinault
33%
1973Eddy Merckx
33%
1998Abraham Olano
29%
1999Jan Ullrich
29%
2000Roberto Heras
29%
2003Roberto Heras
29%
2004Roberto Heras
29%
2005Roberto Heras
29%
1993Tony Rominger
29%
1994Tony Rominger
29%
1992Tony Rominger
29%
1997Alex Zülle
25%
1996Alex Zülle
25%
1945Delio Rodríguez
25%
2002Aitor González
21%
1986Álvaro Pino
21%
2013Chris Horner
21%
2015Fabio Aru
21%
1963Jacques Anquetil
21%
1995Laurent Jalabert
21%
1964Raymond Poulidor
21%
1991Melcior Mauri
17%
1988Sean Kelly
17%
2018Simon Yates
17%
1968Felice Gimondi
13%
1974José Manuel Fuente
13%
1972José Manuel Fuente
13%
1982Marino Lejarreta
13%
2001Ángel Casero
8%
1948Bernardo Ruiz
8%
1984Éric Caritoux
8%
1987Lucho Herrera
8%
2006Alekszandr Vinokurov
4%
1961Angelino Soler
4%
2007Denís Menshov
4%
1977Freddy Maertens
4%
1957Jesús Loroño
4%
1979Joop Zoetemelk
4%
1976José Pesarrodona
4%
1975Agustín Tamames
0%
1956Angelo Conterno
0%
1959Antonio Suárez
0%
1946Dalmacio Langarica
0%
1947Edward van Dijck
0%
1950Emilio Rodríguez Barros
0%
1980Faustino Rupérez
0%
1971Ferdinand Bracke
0%
1960Frans De Mulder
0%
1981Giovani Battaglin
0%
1935Gustaf Deloor
0%
1936Gustaf Deloor
0%
1967Jan Janssen
0%
1955Jean Dotto
0%
1958Jean Stablinski
0%
1941Julián Berrendoro
0%
1942Julián Berrendoro
0%
1990Marco Giovannetti
0%
1966Patxi Gabica
0%
1969Roger Pingeon
0%
1965Rolf Wolfshohl
0%
1962Rudi Altig
0%

Distribución de puntuación

Porcentaje por número respondido

Porcentaje de gente con cada puntuación

Historial de tus puntuaciones

No has intentado esta prueba.